000 01156njm a22002537a 4500
005 20100907111513.0
007 sd ammalaaahaa
008 100830t xxu||||| |||| 00| 0 eng d
028 _aN.54224
_bHis Master's Voice
035 _aGR-01101
040 _aSED
_cSED
100 _aMageshkar, Lata
_918698
245 _aBin Badal Barsaat /
_csung by Lata Mageshkar ;Music dtn by Hemant Kumar; Lyric by Shakeel Badayuni
_h[sound recording]:
246 _aबिन बादल बरसात /
260 _aDum Dum, India:
_bHis Master 's Voice
_c1963
300 _a1 sound disc [GramphoneRecording]:
_banalog,33.1/3 rpm
_c9.5 in.(MP)
_fGramphones Records
500 _aBrief Record
505 _aSide1 ज़िन्दगी कितनी खूबसूरत है ( Zindagi kitni khoobsurat hai )(Lata Mageshkar )-- Side 2 जब जाग उठे अरमान (Jab jaag uthe armaan)
650 _xExperts
_zIndia
_917446
_aMotion picture music
700 _a Hemant Kumar
_918768
700 _aBadayuni,Shakeel
_918769
942 _2ddc
_cGR
999 _c44153
_d44153